La invención del futuro / (Record no. 178046)

MARC details
000 -LEADER
campo de control de longitud fija 00737nam a22002295i 4500
001 - NÚMERO DE CONTROL
campo de control 178046
003 - IDENTIFICADOR DE NÚMERO DE CONTROL
campo de control ES-MaACL
005 - FECHA Y HORA DE LA ÚLTIMA TRANSACCIÓN
campo de control 20230906220454.0
008 - DATOS DE LONGITUD FIJA--INFORMACIÓN GENERAL
campo de control de longitud fija 110516s1967 sp |||| | spa d
080 ## - NÚMERO DE LA CLASIFICACIÓN DECIMAL UNIVERSAL
Número de la Clasificación Decimal Universal 008.2
100 1# - ENTRADA PRINCIPAL--NOMBRE DE PERSONA
Nombre de persona Gabor, Dennis.
9 (RLIN) 146530
245 13 - MENCIÓN DEL TÍTULO
Título La invención del futuro /
Mención de responsabilidad, etc. Dennis Gabor ; [traducción de Manuel Balcells].
250 ## - MENCION DE EDICION
Mención de edición 1ª ed.
260 ## - PUBLICACIÓN, DISTRIBUCIÓN, ETC.
Lugar de publicación, distribución, etc. Barcelona :
Nombre del editor, distribuidor, etc. Credsa,
Fecha de publicación, distribución, etc. 1967.
300 ## - DESCRIPCIÓN FÍSICA
Extensión 258 p. ;
Dimensiones 18 cm.
490 1# - MENCIÓN DE SERIE
Mención de serie Panoramas A-Z. La universidad en su mano ;
Designación de volumen o secuencia 39
650 04 - PUNTO DE ACCESO ADICIONAL DE MATERIA--TÉRMINO DE MATERIA
Término de materia o nombre geográfico como elemento de entrada Civilización futura.
9 (RLIN) 11094
700 0# - ENTRADA AGREGADA--NOMBRE PERSONAL
Nombre de persona Balcells, Manuel.
9 (RLIN) 24864
830 0# - PUNTO DE ACCESO ADICIONAL DE SERIE-TÍTULO UNIFORME
Título uniforme Panoramas A-Z. La universidad en su mano ;
Designación de volumen o secuencia 39
9 (RLIN) 190680
852 ## - LOCALIZACIÓN
Ubicación ES-MaACL
Número de control de estantería E-15089
Encuadernación Olim P-269-bis
Holdings
Estatus retirado Estado de pérdida Estado de daño No para préstamo Biblioteca de origen Biblioteca actual Ubicación en estantería Fecha de adquisición Fuente de adquisición Total de préstamos Signatura topográfica completa Código de barras Visto por última vez Precio de reemplazo Tipo de ítem Koha
        Biblioteca del Ateneo de Madrid Biblioteca del Ateneo de Madrid Depósito 2 16/05/2011     E-15089 1187038 23/02/2023 23/02/2023 Libro impreso